| 000 | 00840nam0a22002651 4500 | ||
|---|---|---|---|
| 001 | rc\4797880 | ||
| 005 | 20250612220400.0 | ||
| 021 |
_aRU _b[65-42125] |
||
| 035 | _a(NLR Aleph) 008870331 | ||
| 090 |
_a8517317 _c8517317 |
||
| 100 | _a20130426d1965 |||y0rusy50 ca | ||
| 101 | 0 | _arus | |
| 102 | _aRU | ||
| 105 | _aa z ||||| | ||
| 200 | 1 | _aСборник задач по элементарной математике повышенной трудности | |
| 205 | _a2-е изд., стер. | ||
| 210 |
_aМинск _cВысш. школа _d1965 |
||
| 215 |
_a523 с. _cчерт. _d20 |
||
| 606 |
_aМатематика _jЗадачи _2psbo |
||
| 700 | 1 |
_aШахно _bК.У. _gКонстантин Устинович |
|
| 801 | 0 |
_aRU _bNLR _gpsbo |
|
| 801 | 1 |
_aRU _bELAR _2rusmarc |
|
| 852 |
_aNLR _j65-3/2848 |
||
| 942 | _cBOOK | ||
| 980 | _aNB | ||